000 00781nam a2200217 i 4500
001 178957
003 ES-MaACL
005 20240528165420.0
008 110812s1893 fr |||| | fre d
100 1 _aBorgeaud, Charles.
_9147597
245 1 0 _aÉtablissement et revision des constitutions en Amérique et en Europe /
_cpar Charles Borgeaud.
260 _aParis :
_bThorin et fils.,
_c1893.
300 _aVI, 423 p. ;
_c22 cm.
490 1 _aBibliothèque de l'histoire du droit et des institutions ;
_v10
650 4 _aConstituciones-
_zEstados Unidos.
_9147598
655 7 _2tgfbne
_9226828
_aConstituciones
830 0 _aBibliothèque de l'histoire du droit et des institutions ;
_v10
_9188164
852 _aES-MaACL
_jF-12735
942 _2udc
999 _c178957
_d178957